| 000 | 00640cam a2200217 a 4500 | ||
|---|---|---|---|
| 001 | 000010036 | ||
| 005 | 20200929161818.0 | ||
| 008 | 800204s1975 ve 000 0aspa | ||
| 040 |
_aDO-SdBNP _cDLC _dDLC _dBNPHU |
||
| 082 |
_aV864.44 _bU86g |
||
| 100 | 1 |
_aUslar Pietri, Arturo, _d1906-2001. _912623 |
|
| 245 | 1 | 3 |
_aEl globo de colores / _cArturo Uslar Pietri. |
| 260 |
_aCaracas : _bMonte Ávila, _c1975. |
||
| 300 |
_a313 p. ; _c18 cm. |
||
| 490 | 1 | _aLetra viva | |
| 650 | 4 |
_aEnsayos venezolanos _94376 |
|
| 650 | 4 |
_aLiteraturavenezolana _924996 |
|
| 830 | 0 |
_aLetra viva. _95252 |
|
| 910 | _aCatalogación por copia / LC | ||
| 049 | _aBNGR | ||
| 999 |
_c9795 _d9795 |
||